000 02537cam a22004931 4500
001 ocm00505594
003 OCoLC
005 20240823144334.0
008 721201s1965 nyu b 000 0 eng
010 _a 66005623
040 _aDLC
_beng
_cDLC
_dWSU
_dRCJ
_dCGU
_dUBC
_dMUQ
_dILI
_dTULIB
_dRAU
_dOCLCO
_dOCLCF
_dOCLCQ
_dIL4J6
_dOCLCO
019 _a20251415
029 1 _aAU@
_b000002047420
029 1 _aAU@
_b000005402398
029 1 _aAU@
_b000022022357
029 1 _aAU@
_b000027102772
029 1 _aDEBSZ
_b042946395
029 1 _aGBVCP
_b020802439
029 1 _aHEBIS
_b116217359
029 1 _aNZ1
_b4416570
029 1 _aZWZ
_b021245304
035 _a(OCoLC)505594
_z(OCoLC)20251415
042 _apremarc
050 0 0 _aKZ3092
_b.C65 1965
080 _a341
082 0 _a341.08
049 _aTZAA
110 2 _aColumbia law review.
245 1 0 _aEssays on international law.
260 _aNew York,
_c1965.
300 _a435 pages
336 _atext
_btxt
_2rdacontent
337 _aunmediated
_bn
_2rdamedia
338 _avolume
_bnc
_2rdacarrier
504 _aIncludes bibliographical references.
505 0 _aForeword / Philip C. Jessup -- The sources of international law / Frederick Pollock -- The legal nature of international law / James B. Scott -- The relationship of private international law to public international law / John R. Stevenson -- International law and private rights / Frederick Sherwood Dunn -- The changing dimensions of international law / Wolfgang Friedmann -- On the vocation of the International Law Commission / Julius Stone -- Efforts to codify or restate the Law of Treaties / Oliver J. Lissitzyn -- The United Nations Conference on the Law of the Sea / Philip C. Jessup -- Recognition of governments / H. Lauterpacht -- The history of acts of state in English law / William S. Holdsworth -- The problem of sovereignty reconsidered / Hans J. Morgenthau -- The organization of the Permanent Court of International Justice / John Bassett Moore -- Membership in the United Nations / Hans Kelsen -- The relation of the European Coal and Steel Community Law to the law of the member states: a peculiar legal symbiosis / Gerhard Bebr.
650 0 _aInternational law.
650 6 _aDroit international.
650 7 _ainternational law.
_2aat
650 7 _aInternational law.
_2fast
_0(OCoLC)fst00976984
650 7 _aInternational law.
_2nli
776 0 8 _iOnline version:
_aColumbia law review.
_tEssays on international law.
_dNew York, 1965
_w(OCoLC)654260877
994 _aC0
_bTZACH
999 _c7317
_d7317